000
00311nam a22001337a 4500
008
170605b xxu||||| |||| 00| 0 eng d
020
_a
9781603201230
041
_a
eng
080
_a
94(7/8)
100
_a
18
101
_a
SHH
245
_a
AMERICA/ A VISUAL HISTORY FROM THEN AND NOW
_c
LIFE
942
_2
udc
_c
BK
999
_c
15970
_d
15970